Count to 100! - With No Squares or Cubes - Statistics

General Stats
  • This quiz has been taken 170 times
  • The average score is 68 of 88
Answer Stats
# % Correct
2
100%
3
97%
5
96%
10
94%
6
94%
7
94%
11
93%
12
92%
13
92%
14
92%
15
92%
17
91%
18
90%
19
90%
20
90%
21
90%
22
90%
23
90%
24
90%
26
90%
28
90%
29
90%
30
89%
31
88%
32
88%
33
88%
34
88%
35
88%
37
88%
38
88%
39
88%
40
88%
41
86%
42
86%
43
86%
44
86%
45
84%
46
84%
47
84%
48
84%
50
84%
51
82%
52
81%
53
79%
54
79%
55
79%
56
77%
57
77%
58
77%
59
76%
60
74%
61
74%
62
74%
63
74%
65
72%
66
72%
67
72%
68
72%
69
72%
70
71%
71
68%
72
68%
73
68%
74
68%
75
66%
76
66%
77
66%
78
65%
79
64%
80
62%
82
60%
83
59%
84
58%
85
58%
86
58%
87
57%
88
57%
89
57%
90
56%
91
55%
92
55%
93
55%
94
55%
95
55%
96
55%
97
53%
98
52%
99
51%
No matching quizzes found
Score Distribution
Percent of People with Each Score
Percentile by Number Answered
Your Score History
You have not taken this quiz